Представление документа в формате MARC21

Поле Инд. ПП Название Значение
Тип записи a
Библиографический уровень b
001 Контрольный номер ec43fa078ff449558eb937f7bd558d41
005 Дата корректировки 20211111142057.3
024 80 a Стандартный номер 10.1016/j.cplett.2021.139099
040 a Служба первич. каталог. Web of Science
b Код языка каталог. eng
041 0_ a Код языка текста eng
097 a Костяева О.Г.
100 1_ a Автор Chuluunbaatar O.
100 1_ a Автор Joulakian B. B.
100 1_ a Автор Chuluunbaatar G.
100 1_ a Автор Busa J. Jr.
100 1_ a Автор Koshcheev G. O.
j Принадлежность неизвестного автора к последователям, ученикам, сторонникам, школе и т. д. государственный университет "Дубна"
245 10 a Заглавие Accurate calculations for the Dirac electron in the field of two-center Coulomb field: Application to heavy ions
773 18 t Название источника Chemical Physics Letters
b Сведения об издании Elsevier Science Publishing Company, Inc.
c Netherlands
d Место и дата издания 2020
m Специф. данные входит в Scopus;входит в WoS;входит в ядро РИНЦ;зарубежный журнал;ненулевой импакт-фактор
q Q2 Scopus 2020; Q2 WoS 2020
o Прочие индексы scopus 0.51
x ISSN 0009-2614
p Chem. Phys. Lett.
g Прочая информация V. 784. - P. 139099
w Контрольный № источника 310978d408254b5caf2ff564481fb4ed
901 t Тип документа b
952 c Вид литературы статья в журнале